000 00781nam a2200169 4500
001 138417
003 ES-MaACL
005 20230906195548.0
007 t|
008 070214s1976 sp r ||||1| spa d
100 1 _aSandoval Guerra, Alvaro de.
_9103111
245 1 0 _aDibujo Industrial
_b: de interés para estudios de Dibujo en Escuelas Universitarias de Ingeniería, Delineantes, Universidades Laborales, Institutos Politécnicos, Escuelas de Maestría, Técnicos y Centros de Formación Profesional Industrial /
_cAlvaro de Sandoval Guerra, Alvaro de Sandoval García.
260 _aSantander :
_b[s. n.],
_c1976 (
_fManufactura Jean)
300 _a564 p., 84 lám. :
_bil. ;
_c25 cm.
700 1 _aSandoval García, Alvaro de.
_9103110
852 _aES-MaACL
_jA-6257
_bR.95222
999 _c138417
_d138417